00618nam a2200169Ia 4500020001800000082002200018100002600040245010400066260003700170300001800207504004600225650005100271650002100322650002800343650005300371650002400424 a81-202-0205-8 a371.8095487 UPL-; aUplaonkar, Ambarao T. 0aSocial background and occupational aspirations of college students: a case study of Karnataka State aDelhibAjanta Publicationsc1988 axxviii, 295p. aIncludes appendix, bibliography and index aVocational interests - Methodology - Karnataka aStudent guidance aOccupational aspiration aCollege students - Social conditions - Karnataka aVocational guidance